000 00282nam a2200133Ia 4500
100 _aFlemings/M.C
942 _cBK
654 _aProcessing
245 _aSolidification processing
260 _bMcGraw Hill
_aNEWYORK
_c1974
082 _a669.9
300 _a368
546 _aENGLISH
999 _c34393
_d34393